Criminaliteit en rechtshandhaving / 2 2000
| Format: | Print Book |
|---|---|
| Language: | Dutch |
| Published: |
2001
|
| In: |
Criminaliteit en rechtshandhaving ontwikkelingen en samenhangen
Year: 2001 |
| Availability in Tübingen: | Present in Tübingen. UB: ZA 9990-2.2000 |
| Check availability: | HBZ Gateway |
| Subito Delivery Service: | Order now. |
MARC
| LEADER | 00000cam a2200000 cc4500 | ||
|---|---|---|---|
| 001 | 1162720840 | ||
| 003 | DE-627 | ||
| 005 | 20220524101744.0 | ||
| 007 | tu | ||
| 008 | 010712s2001 xx ||||| 00| ||dut c | ||
| 035 | |a (DE-627)1162720840 | ||
| 035 | |a (DE-576)092720846 | ||
| 035 | |a (DE-599)BSZ092720846 | ||
| 040 | |a DE-627 |b ger |c DE-627 |e rakwb | ||
| 041 | |a dut | ||
| 245 | 0 | 0 | |a Criminaliteit en rechtshandhaving |n 2 |p 2000 |
| 264 | 1 | |c 2001 | |
| 336 | |a Text |b txt |2 rdacontent | ||
| 337 | |a ohne Hilfsmittel zu benutzen |b n |2 rdamedia | ||
| 338 | |a Band |b nc |2 rdacarrier | ||
| 490 | 1 | |a Onderzoek en beleid / Wetenschappelijk Onderzoek- en Documentatiecentrum |v 189 | |
| 583 | 1 | |a Archivierung prüfen |c 20200919 |f DE-640 |z 1 |2 pdager | |
| 773 | 1 | 8 | |a Criminaliteit en rechtshandhaving ontwikkelingen en samenhangen |w (DE-627)331744341 |w (DE-576)094481245 |w (DE-600)2052298-8 |g 2 |q 2 |7 nnas |
| 810 | 2 | |a Wetenschappelijk Onderzoek- en Documentatiecentrum |g Den Haag |t Onderzoek en beleid |v 189 |9 189 |w (DE-627)331744325 |w (DE-576)468389032 |w (DE-600)2052295-2 |x 0923-6414 |7 am | |
| 951 | |a MV | ||
| ELC | |b 1 | ||
| LOK | |0 000 xxxxxcx a22 zn 4500 | ||
| LOK | |0 001 2397824477 | ||
| LOK | |0 003 DE-627 | ||
| LOK | |0 004 1162720840 | ||
| LOK | |0 005 20120227173835 | ||
| LOK | |0 008 010712||||||||||||||||ger||||||| | ||
| LOK | |0 040 |a DE-21 |c DE-627 |d DE-21 | ||
| LOK | |0 852 |a DE-21 | ||
| LOK | |0 852 1 |c ZA 9990-2.2000 |9 00 | ||
| LOK | |0 935 |a krim | ||
| LOK | |0 939 |a 12-07-01 |b l01 | ||
| ORI | |a SA-MARC-krimdoka001.raw | ||
| SIG | |a UB: ZA 9990-2.2000 | ||
